Die teuersten Fußballtransfers - Innenverteidiger - Saison 2016-2017 - Statistiken

Allgemein
  • Dieses Quiz wurde 26 mal gespielt
  • Das Durchschnittsergebnis liegt bei 7 aus 10
Antwortstatistiken
Ablöse (M €) Nationalität Abgebender Verein Aufnehmender Verein Spieler % Korrekt
55,60 England FC Everton Manchester City John Stones
95%
35,00 Deutschland Borussia Dortmund Bayern München Mats Hummels
95%
35,00 Brasilien Paris SG FC Chelsea David Luiz
90%
41,00 Deutschland FC Valencia FC Arsenal Shkodran Mustafi
85%
38,00 Elfenbeinküste FC Villarreal Manchester United Eric Bailly
75%
25,00 Frankreich Olympique Lyon FC Barcelona Samuel Umtiti
75%
21,00 Österreich Dynamo Kyiv Bayer Leverkusen Aleksandar Dragovic
50%
20,00 Belgiuen Zenti S-Pb TJ Quanjian Axel Witsel
50%
24,00 Argentinien Zenti S-Pb FC Valencia Ezequiel Garay
25%
19,00 Italien Atalanta Bergamo Juventus Turin Mattia Caldara
10%
Keine übereinstimmenden Quizze gefunden
Verteilung der Resultate
Anzahl Personen mit jedem Resultat
Perzentil nach korrekt beantworteten Fragen
Ihre Resultats-Entwicklung
Sie haben dieses Quiz noch nicht gespielt